000 00492nam a2200181Ia 4500
001 51181
008 140502s9999 xx 000 0 und d
020 _a
040 _cPK-LaUMT
082 _aRHC 303.38
_bALI-J
100 _aAli Mazahiri
245 _aJadah abraisham (Persian)
_cAli Mazahiri<>Nasir Nuban, Malik
260 _aTehran,Iran:
_bInstitute for Humanities and Cultural Studies,
_c1966
501 _a2 vols.
546 _aPersian
700 _aNasir Nuban, Malik
942 _cBK
999 _c48671
_d48671